| 000 | 00739nam a2200217Ia 4500 | ||
|---|---|---|---|
| 003 | OSt | ||
| 005 | 20250203125510.0 | ||
| 008 | 210210b1999 xxu||||| |||| 00| 0 eng d | ||
| 020 | _a81 7713 001 3 | ||
| 040 | _cAL | ||
| 082 | _aK894.8 MALS | ||
| 100 |
_aMALLEPURAM G VENKATESHA, Ed. _dಮಲ್ಲೇಪುರಂ ಜಿ. ವೆಂಕಟೇಶ _9155075 |
||
| 245 |
_aShamba kratisamputa.2-Kamnada - Kamnudi. _bಶಂಬಾ ಕೃತಿ ಸಂಪುಟ 2 -ಕಂನಡ-ಕಂನುಡಿ |
||
| 260 |
_aBengaluru. _bKannada Pustaka Pradikara., _c1999 |
||
| 300 | _axxxx,475 | ||
| 440 |
_a2 _9155076 |
||
| 650 |
_aShamba Joshi Samagra Sahitya _9155077 |
||
| 690 |
_aKannada Miscellaneous _9155078 |
||
| 906 | _a056731 | ||
| 942 |
_2ddc _cBK |
||
| 999 |
_c104347 _d104347 |
||